000 00613nam a2200205Ia 4500
001 12363
003 GE_BSU
008 181216s||||||||xx |||||||||||||| ||und||
040 _cGE_BSU
080 _a633
245 _aИнтродукция растении и зеленое строительство
245 _cПод.ред. С.Я.Соколова
250 _a2-ое
260 _aМосква
260 _bАкад.Наук СССР
260 _c1952
300 _a369стр.26см.
653 _aИнтродукция растении и зеленое строительство
942 _cBK
999 _c45538
_d45538